000 00327nam a22001337a 4500
005 20251007123807.0
008 250929b |||||||| |||| 00| 0 eng d
020 _a978-93-48189-08-0
041 _aHIN
245 _aHINDI SHAHITYA KE SUTRADHAAR
260 _aUTTAR PRADESH
_bAKSHAR PLANT
_c2024
300 _a244;P
942 _cBK
999 _c8844
_d8842